Billy budd (Record no. 27679)

MARC details
000 -LEADER
fixed length control field 00415nam a2200169Ia 4500
020 ## - INTERNATIONAL STANDARD BOOK NUMBER
ISBN 0895591324
050 ## - CALL MARK
Classification number PN 2093 .C64/
100 ## - STATEMENT OF RESPONSIBILITY--MAIN AUTHOR NAME
Personal name Melvillr, Herman.
245 #0 - TITLE STATEMENT
Title Billy budd
260 ## - PUBLICATION, DISTRIBUTION, ETC. (IMPRINT)
Place of publication New York
260 ## - PUBLICATION, DISTRIBUTION, ETC. (IMPRINT)
Name of publisher Ventura Book
260 ## - PUBLICATION, DISTRIBUTION, ETC. (IMPRINT)
Year of publication 1980
650 ## - SUBJECT ADDED ENTRY--TOPICAL TERM
Topical Term United States --District of Columbia --Washington
942 ## - ADDED ENTRY ELEMENTS (KOHA)
Koha item type Books
Holdings
Withdrawn status Lost status Source of classification or shelving scheme Damaged status Not for loan Permanent Location Current Location Date acquired Accession Number Price effective from Koha item type
    Library of Congress Classification     NILE UNIVERSITY OF NIGERIA - MAIN LIBRARY NILE UNIVERSITY OF NIGERIA - MAIN LIBRARY 04/23/2025 0005603 04/23/2025 Books